| 000 | 00433nam a2200181Ia 4500 | ||
|---|---|---|---|
| 001 | 16136 | ||
| 005 | 20260306170247.0 | ||
| 008 | 260306t2018||||xx |||||||||||||| ||und|| | ||
| 041 | _aESP | ||
| 082 |
_a346.945 _bC36 |
||
| 100 |
_aCattaneo, Vicente _eAUT |
||
| 245 | 0 | _aEl código civil italiano anotado... | |
| 260 | _c2018 | ||
| 300 |
_a215 páginas : _c23 cm. |
||
| 650 | _aGEN | ||
| 654 | _aCDE | ||
| 942 |
_cLIB _dJUS _fJUS _2ddc _n |
||
| 999 |
_c16136 _d16136 |
||